Statistics for Countries and Territories of the Windward Islands

Click here to take the quiz!

General Stats

  • This quiz has been taken 7 times
  • The average score is 6 of 7

Answer Stats

Country/ Territory% Correct
Barbados
100%
Grenada
100%
Trinidad and Tobago
100%
Dominica
86%
Saint Lucia
86%
Saint Vincent and the Grenadines
86%
Martinique
71%

Score Distribution

Percentile by Number Answered

Percent of People with Each Score

Your Score History

You have not taken this quiz